| 000 | 00518nam a2200181Ia 4500 | ||
|---|---|---|---|
| 999 |
_c14049 _d14049 |
||
| 003 | OSt | ||
| 005 | 20201019132222.0 | ||
| 008 | 190216s9999||||xx |||||||||||||| ||und|| | ||
| 020 | _a8172242131 | ||
| 040 | _coclc | ||
| 082 |
_a212.52 _bVAS/M |
||
| 100 |
_aVas, Luis S R _95929 |
||
| 245 | 4 |
_aThe Mind Of J.Krishnamurti / _cLuis S R Vas |
|
| 260 |
_bJaico Publishing House , _c1971. _aNew Delhi: |
||
| 300 | _a319p | ||
| 650 | _aAutobiography | ||
| 942 |
_cBK _2ddc _h212.52 _iVAS/M _k212.52 _mVAS/M |
||